00569nam a22001217a 4500003000400000082001700004100002100021245021100042260004400253300000800297650005700305653008500362SGT a617.69bA23M aMalhotra, Taniya aA comparative evaluation of Prosthetic and biological outcome as influenced by twoo different implant restorative materials (Porcelain fused to metal and monolith Zirconia) bA Prospective, Cross-Arch study aGurugram, HaryanabSGT Universityc2023 a150 aProsthodontics, Crown & Bridge and Oral Implantology aProsthodontics, Crown & Bridge and Oral Implantology; Zirconia; Cross-arch study